Track List de "Civilisation" (OrelSan - 2021) - Statistiques

Statistiques générales
  • Ce quiz a été pris 144 fois
  • Le résultat moyen est 13 sur 15
Statistiques - réponses
Hint Réponse % Correct
(Écoute) La haine les faire basculer dans les extrêmes, allumer l'incendie, tout enflammer / ... ... ... ... L'odeur de l'essence
94%
... ... Bébé tise ... Bébéboa
93%
Ce qui compte, c'est pas l'arrivée, c'est ... La quête
92%
On en rira quand on l'verra sous un ...... Jour meilleur
91%
Elle m'a dit "juste un ... , juste un .. " Dernier verre (Ft. The Neptunes)
90%
D'où j'viens, j'voulais qu'un peu d'soleil, être le héros d'mon propre ... Shonen
89%
Parce que j'aime mieux quand t'es là / Tu m'protèges et guides mes pas, ... Athéna
85%
Ah bah c'est ... (...) Du propre
85%
J'essaye d'avoir un enfant / J'essaye d'avoir une ... / J'peux pas l'faire tout seul va falloir qu'on l'fasse ensemble Civilisation
84%
Un corps percute le sol près d'moi, du sang sort de la tête / J'reconnais France, j'me dis qu'elle aura pas sa retraite Manifeste
84%
J'vais pas t'cacher qu'la vie est belle; ... Seul avec du monde autour
84%
Bim badabim, bim badaboum deux / Bim badabim, bim badabadaboum deux Casseurs Flowters Infinity (Ft. Gringe)
82%
Viens on reste ... Ensemble (Ft. Skread)
82%
... , mieux qu'l'argent, mieux qu'le pouvoir, mieux qu'les deux, rêve d'être heureuse Rêve mieux
77%
Majeur en l'air ... ... / ... ... ... / nah nah nah nah nah ! Baise le monde
76%
Aucun quiz correspondant
Distribution des résultats
% des personnes avec chaque résultat
Percentile par nombre de réponses
Votre historique - résultats
Vous n’avez pas pris ce quiz